MARC details
| 000 -LEADER |
| fixed length control field |
01865nam a2200313 i 4500 |
| 003 - CONTROL NUMBER IDENTIFIER |
| control field |
CSPC |
| 005 - DATE AND TIME OF LATEST TRANSACTION |
| control field |
20251127102425.0 |
| 008 - FIXED-LENGTH DATA ELEMENTS--GENERAL INFORMATION |
| fixed length control field |
251124s2024 nyua 000 0 eng d |
| 020 ## - INTERNATIONAL STANDARD BOOK NUMBER |
| International Standard Book Number |
9781265293420 |
| 040 ## - CATALOGING SOURCE |
| Original cataloging agency |
CSPC |
| Language of cataloging |
eng |
| Transcribing agency |
CSPC |
| Description conventions |
rda |
| 050 00 - LIBRARY OF CONGRESS CALL NUMBER |
| Classification number |
GE76 |
| Item number |
.M29 2024 |
| 082 00 - DEWEY DECIMAL CLASSIFICATION NUMBER |
| Classification number |
363.70076 |
| Item number |
M452a |
| Edition number |
23 |
| 100 1# - MAIN ENTRY--PERSONAL NAME |
| Personal name |
Mayer, Courtney, |
| Relator term |
author. |
| 245 10 - TITLE STATEMENT |
| Title |
AP Environmental science 2024 / |
| Statement of responsibility, etc. |
Courtney Mayer. |
| 264 #1 - PRODUCTION, PUBLICATION, DISTRIBUTION, MANUFACTURE, AND COPYRIGHT NOTICE |
| Place of production, publication, distribution, manufacture |
New York : |
| Name of producer, publisher, distributor, manufacturer |
McGraw Hill, |
| Date of production, publication, distribution, manufacture, or copyright notice |
2024. |
| 300 ## - PHYSICAL DESCRIPTION |
| Extent |
xvi, 236 pages : |
| Other physical details |
illustrations ; |
| Dimensions |
27 cm. |
| 336 ## - CONTENT TYPE |
| Source |
rdacontent |
| Content type term |
text |
| 337 ## - MEDIA TYPE |
| Source |
rdamedia |
| Media type term |
unmediated |
| 338 ## - CARRIER TYPE |
| Source |
rdacarrier |
| Carrier type term |
volume |
| 490 0# - SERIES STATEMENT |
| Series statement |
5 steps to a 5 |
| 490 0# - SERIES STATEMENT |
| Series statement |
AP exam guides |
| 500 ## - GENERAL NOTE |
| General note |
Includes 3 practice exams (in the book and online) |
| 505 0# - FORMATTED CONTENTS NOTE |
| Formatted contents note |
Set up your study plan -- Determine your test readiness -- Develop strategies for success -- Review the knowledge you need to score high -- The living world: biodiversity -- Populations -- Earth systems and resources -- Land and water use -- Energy resources and consumption -- Atmospheric pollution -- Aquatic and terrestrial pollution -- Global change -- Building your test-taking confidence. |
| 520 ## - SUMMARY, ETC. |
| Summary, etc. |
"Ready to succeed in your AP course and ace your exam? Our 5 Steps to a 5 guides explain the tough stuff, offer tons of practice and explanations, and help you make the most efficient use of your study time. 5 Steps to a 5: AP Environmental Science is more than a review guide, it's a system that has helped thousands of students walk into test day feeling prepared and confident."-- Amazon.com |
| 650 #0 - SUBJECT ADDED ENTRY--TOPICAL TERM |
| Topical term or geographic name entry element |
Environmental sciences |
| General subdivision |
Problems, exercises, etc. |
| 650 #0 - SUBJECT ADDED ENTRY--TOPICAL TERM |
| Topical term or geographic name entry element |
Environmental sciences |
| Form subdivision |
Study guides |
| General subdivision |
Examinaions. |
| 942 ## - ADDED ENTRY ELEMENTS (KOHA) |
| Source of classification or shelving scheme |
Dewey Decimal Classification |
| Suppress in OPAC |
No |
| Koha item type |
Books |
| Classification part |
363.70076 |
| Item part |
M452a |
| Call number prefix |
CIR |
| Call number suffix |
2024 |
| Edition |
23 |